|
|
|
|
| LEADER |
00827nab#a2200301#ar4500 |
| 001 |
000016713 |
| 003 |
SVKKK |
| 005 |
00000000000000.0 |
| 008 |
c xo e sloo |
| FMT |
|
|
|
| 038 |
|
|
|a SVKKK
|
| 040 |
|
|
|a SVKKK
|b slo
|e AACR2
|
| 041 |
0 |
|
|a slo
|
| 044 |
|
|
|a xo
|c SK
|
| 080 |
|
|
|a 943.7
|2 1981
|
| 100 |
1 |
|
|a Uličný, Ferdinand
|4 aut
|
| 245 |
1 |
0 |
|a Fenomény slovenských dejín v stredoveku
|c Uličný Ferdinand,
|
| 300 |
|
|
|e Res. v angl. jazyku
|
| 650 |
0 |
4 |
|a osídlenie
|x Slovensko
|z Slovensko východné
|
| 650 |
0 |
4 |
|a vplyvy náboženské
|x vplyvy národné
|x dejiny
|x stredovek
|x štúdie
|
| 773 |
0 |
|
|t Historický časopis
|g Roč. 45, č. 1(1997), s. 38-43
|
| 957 |
|
|
|a Slovensko východné
|
| 958 |
|
|
|a VS
|
| 974 |
|
|
|d 980211
|a SAB
|
| 992 |
|
|
|a RBX
|
| BAS |
|
|
|
| 852 |
|
|
|a SVKKK
|b BIB
|
| 998 |
|
|
|a REG
|